00668 2200241 4500001002100000005001700021008004100038020002200079035002500101040001200126082000800138084001800146100002400164245009100188250001000279260003500289300002900324504001300353650001400366700001300380850001200393990002100405INLIS00000000000295320150701145728.0  a978-602-255-254-3 a0010-041500000000020 aYOPDYOG a793 aDEP 793 Ham P aHAMID BAHARI, 1982- aPermainan-permainan perangsang karakter positif anak/cHamid Bahari ; editor, Desy Wee acet.1 aYogyakarta:bDiva Press,c2013 a185 hlm.:bilus.;c21 cm ahlm. 189 aPermainan aDesy Wee aYOPDYOG aCB-D11 2013-1817